| 000 | 00839nam a2200193 i 4500 | ||
|---|---|---|---|
| 001 | 157185 | ||
| 003 | ES-MaACL | ||
| 005 | 20250207143840.0 | ||
| 008 | 990310s1860 fr af |||| | fre d | ||
| 040 |
_aCCPB | B _bspa _cCCPB | B |
||
| 100 | 1 |
_aLasteyrie, Ferdinand de. _9128728 |
|
| 245 | 1 | 0 |
_aDescription du Trésor de Guarrazar _b: accompagnée de recherches sur toutes les questions archéologiques qui s'y rattachent / _cpar Ferdinand de Lasteyrie. |
| 260 |
_aParis : _bGide, éditeur, _c1860 ( _fTypographie de Firmin Didot freres, fils et Cie) |
||
| 300 |
_a37 p., [5] h. de lám. : _bil. ; _c31 cm. |
||
| 650 | 4 |
_aOrfebrería visigoda- _yGuarrazar. _9136634 |
|
| 852 |
_aES-MaACL _jT-1442-F-7 _z-- Enc. hol., conservando la enc. original _z-- Enc. en un vol. facticio _cDEPOF |
||
| 942 | _2udc | ||
| 999 |
_c157185 _d157185 |
||